000 00283nam a2200109 a 4500
005 20200930070821.0
008 110926s2008 000 spa d
020 _a9972209245
245 4 _aLas mejores recetas de la cocina saludable.
260 _aBarcelona,
_c2008.
999 _c33639
_d33639
040 _aDO-SdBNP